000 01452nam0a22002771 4500
001 rc\2362174
005 20260408002839.0
035 _a(NLR Aleph) 006685412
090 _a5111056
_c5111056
100 _a20110829d1977 |||y0rusy50 ca
101 0 _arus
102 _aRU
105 _aa z |||||
200 1 _aТезисы докладов к семинару "О новых и передовых методах борьбы с болезнями рыб в рыбоводных хозяйствах Минрыбхоза СССР" (Москва, 23-27 октября 1977 г.)
210 _aМосква
_cБ. и.
_d1977
215 _a96 с.
_cил.
_d20
300 _aВ надзаг.: М-во рыбного хоз-ва СССР, Центр. науч.-исслед. ин-т информации и техн.-экон. исследований рыбного хоз-ва, Центр. ихтиопатол. инспекция
606 _aРыбы
_jТезисы докладов
_xБолезни
_2rkp
710 1 2 _a"О новых и передовых методах борьбы с болезнями рыб в рыбоводных хозяйствах Минрыбхоза СССР", семинар
_f1977
_eМосква
_3RU\NLR\AUTH\8810167318
_9830492
801 0 _aRU
_bNLR
_gpsbo
801 1 _aRU
_bELAR
_2rusmarc
852 _aNLR
_j77-4/26334
899 _aRuMoRGB
_jБ 77-27/1050
899 _aRuMoRGB
_jБ 77-27/1051
942 _cBOOK
980 _aNB